Statistics for Sample Songs

Click here to take the quiz!

General Stats

  • This quiz has been taken 18 times
    (14 since last reset)
  • The average score is 7 of 59

Answer Stats

OriginalbySampled byAnswer% Correct
Thank youDidoEminemStan
64%
Pastime ParadiseStevie WonderCoolioGangster's Paradise
45%
Gimme gimme gimmeABBAMadonnaHung up
45%
Take on meA-haPitbullFeel this moment
36%
Why can't we live togetherTimmy ThomasDrakeHotline Bling
36%
Stand by meBen E. KingSean KingstonBeautiful Girls
27%
LambadaKaomaJennifer LopezOn the floor
27%
Dream onAerosmithEminemSing
27%
SevilleLuiz BonfáGotyeSomebody that I used to know
27%
Tere Mere Beech MeinLata MangeshkarBritney SpearsToxic
27%
Super freakRick JamesMC HammerU can't touch this
27%
Baby got backSir Mix a LotNicki MinajAnaconda
18%
Baba O'RileyThe WhoOne DirectionBest song ever
18%
Don't mess with my manLucy PearlEd SheeranDon't
18%
Flo RidaGood feeling
18%
Something's got a hold on meEtta JamesAviciiLevels
18%
Last night a DJ save my lifeIndeepMadonnaMusic
18%
MiserlouDick DaleThe Black Eyed PeasPump it
18%
You spin me roundDead or aliveFlo RidaRight round
18%
If I could flyJoe SatrianiColdplayViva la vida
18%
Hide and seekImogen HeapJason DeruloWatcha Say
18%
Tom's DinnerSuzanne VegaFall Out BoysCenturies
9%
Are you my woman (Tell me so)Chi-LitesBeyoncéCrazy in love
9%
Rythm is a dancerGlieseJeremihDon't tell em
9%
Show me LoveRobin SJason DeruloDon't wanna go home
9%
All night longLionel RichieEnrique IglesiasI like it
9%
Dragostea din teiO-zoneT.ILive your life
9%
Love to love you babyDonna SummerBeyoncéNaughty Girl
9%
Blue mondayNew orderRihannaShut up and drive
9%
Ain't no mountain high enoughMarvin GayeAmy WinehouseTears dry on their own
9%
Personal JesusDepeche ModeJameliaBeware of the dog
0%
Heidi MontagBody Language
0%
Video Killed the Radio StarThe BugglesNicki MinajCheck it out
0%
Fade into darknessAviciiLeona LewisCollide
0%
IntroThe XXRihannaDrunk on love
0%
Ritmo de la nocheMysticColdplayEvery teardrop is a waterfall
0%
SupersonicJJ FadFergieFergalicious
0%
HaloBeyoncéSiaFire meet gasoline
0%
Wuthering HeightsKate BushNatalia KillsFree
0%
I'm too sexyRight said freidSugababesGet sexy
0%
MacarenaLos del RíoPitbullGlobal warming
0%
Canon in D MajorJohann PachelbelThe Pet Shop BoysGo west
0%
4x4Miley Cyrusalt-JHunger of the pine
0%
The Pussycat DollsHush Hush
0%
SituationYazooThe SaturdaysIf this is love
0%
FiveIf ya gettin down
0%
GreaseGrease CastParis HiltonI want you
0%
LovefoolThe CardigansJustin BieberLove me
0%
Hot tent bluesLate of the PierSelena GomezMe & my girls
0%
Miley CyrusMy Darlin
0%
Hilary DuffReach out
0%
I will surviveGloria GaynorRobbie WilliamsSupreme
0%
What a feelingIrene CaraJason DeruloThe sky is the limit
0%
A little bit of loveBrenda RussellAriana GrandeThe Way
0%
Someone Somewhere (In summertime)Simple MindsDavid GuettaThe world is mine
0%
We can go anywhereJessie McCartneyDemi LovatoThis is me
0%
A thousand milesVanessa CarltonCheryl ColeWaiting
0%
N-DubzWe dance on
0%
Jason DeruloWhat if
0%

Score Distribution

Percentile by Number Answered

Percent of People with Each Score

Your Score History

You have not taken this quiz since the last reset